Biblioteka Instytutu Północnego w Olsztynie

Widok standardowy Widok MARC

Pozycja Corporate Name

Liczba rekordów, w których użyto hasła: 1

001 - Numer kontrolny

  • control field: 39684

003 - Identyfikator numeru kontrolnego

  • control field: NUKAT

005 - Data i czas ostatniej modyfikacji

  • control field: 20260408185718.0

008 - Dane kontrolne kodowane (40 znaków)

  • fixed length control field: 011013n||a|znnaabn |a ana |c

010 ## - Numer kontrolny Biblioteki Kongresu

  • numer kontrolny LC: n 01069801

024 7# - OTHER STANDARD IDENTIFIER

  • Standard number or code: 141382067
  • Source of number or code: viaf

024 7# - OTHER STANDARD IDENTIFIER

  • Standard number or code: 0000000122932501
  • Source of number or code: isni

024 7# - OTHER STANDARD IDENTIFIER

  • Standard number or code: Q944735
  • Source of number or code: wikidata

040 ## - Instytucja sporządzająca rekord

  • inst. przygot. dane do rek. khw: KR 295/JS
  • język haseł przedmiotowych/tezaurus: kaba
  • inst. wprow. rek. khw: KR 295/JSc
  • inst. modyf. rek. khw: KR 295/DAGc
  • inst. modyf. rek. khw: TOR U/JSzs
  • inst. modyf. rek. khw: WR O/EJ
  • inst. modyf. rek. khw: LUBL KUL/AF
  • inst. modyf. rek. khw: LUBL KUL/AJc
  • inst. modyf. rek. khw: WA 732/AR
  • inst. modyf. rek. khw: KR 295/MZ
  • inst. modyf. rek. khw: STAD 001/BP
  • inst. modyf. rek. khw: WR U/brk
  • inst. modyf. rek. khw: STAD 001/BP
  • inst. modyf. rek. khw: WR 194/DA

043 ## - Kod obszaru geograficznego

  • ISO code: FR

046 ## - Special dates

  • Start period: 1844

110 2# - Hasło - nazwa ciała zbiorowego

  • nazwa ciała zbior. lub geogr. na pocz.: Apostolstwo Modlitwy.

368 ## - Other Attributes

  • Corp type: Stowarzyszenia religijne.

370 ## - Associated place

  • Country: Francja.

410 2# - Trop zob. - nazwa ciała zbiorowego

  • nazwa ciała zbior. lub geogr. na pocz.: AM.

410 2# - Trop zob. - nazwa ciała zbiorowego

  • nazwa ciała zbior. lub geogr. na pocz.: Apostolstwo Serca Jezusowego.

410 2# - Trop zob. - nazwa ciała zbiorowego

  • nazwa ciała zbior. lub geogr. na pocz.: Stowarzyszenie Apostolstwa.

410 2# - Trop zob. - nazwa ciała zbiorowego

  • nazwa ciała zbior. lub geogr. na pocz.: Apostleship of Prayer.

410 2# - Trop zob. - nazwa ciała zbiorowego

  • nazwa ciała zbior. lub geogr. na pocz.: Światowa Sieć Modlitwy.

410 2# - Trop zob. - nazwa ciała zbiorowego

  • nazwa ciała zbior. lub geogr. na pocz.: Apostolatus Orationis.

410 2# - Trop zob. - nazwa ciała zbiorowego

  • nazwa ciała zbior. lub geogr. na pocz.: Apostolatus Orationis, Roma.

410 2# - Trop zob. - nazwa ciała zbiorowego

  • nazwa ciała zbior. lub geogr. na pocz.: Apostolat de la Prière.

410 2# - Trop zob. - nazwa ciała zbiorowego

  • nazwa ciała zbior. lub geogr. na pocz.: Dir. Gen. Ap. Or., Roma.

410 2# - Trop zob. - nazwa ciała zbiorowego

  • nazwa ciała zbior. lub geogr. na pocz.: Trésoiriè du Conseil des Zélatrices de l'Apostolat de la Prière.

410 2# - Trop zob. - nazwa ciała zbiorowego

  • nazwa ciała zbior. lub geogr. na pocz.: Apostolstwo Najsłodszego Serca Jezusowego.

410 2# - Trop zob. - nazwa ciała zbiorowego

  • nazwa ciała zbior. lub geogr. na pocz.: Apostolato della Preghiera.

410 2# - Trop zob. - nazwa ciała zbiorowego

  • nazwa ciała zbior. lub geogr. na pocz.: Apostolstwo Serca Jezusa.

410 2# - Trop zob. - nazwa ciała zbiorowego

  • nazwa ciała zbior. lub geogr. na pocz.: Papieska Światowa Sieć Modlitwy Polska.

665 ## - Nota historyczna

  • nota historyczna: Stowarzyszenie w Kościele Katolickim opiera się na duchowości związanej z kultem Najświętszego Serca Pana Jezusa (uświęcenie członków i misja ewangelizacji), powołane w 1844 przez jezuitę Franciszka Gautrelet'a (1807-1886). W Polsce od lat 60. XIX w. Pod opieką jezuitów, na bazie struktury parafii.

670 ## - Źródło informacji

  • źródło informacji: Kp. Posłaniec Serca Jezusowego . - 1903 (czerwiec).

670 ## - Źródło informacji

  • źródło informacji: Encyklopedia SJ online - http://www.jezuici.krakow.pl/bibl/enc.htm

670 ## - Źródło informacji

  • źródło informacji: EKat. - 1973 -

670 ## - Źródło informacji

  • źródło informacji: Kp. Posłaniec Serca Jezusa. - R. 77, nr 11/12 (1993)

670 ## - Źródło informacji

  • źródło informacji: Posłaniec Serca Pana Jezusa do Narodu Polskiego. - 1877, luty.

670 ## - Źródło informacji

  • źródło informacji: Messenger of the Sacred Heart. - New York, 1917.
  • gdzie znaleziono informację: (Apostleship of Prayer)

670 ## - Źródło informacji

  • źródło informacji: Modlitwa i Służba. - Nr 1 (2018).
  • gdzie znaleziono informację: (biuletyn Światowej Sieci Modlitwy, czyli Apostolstwa Modlitwy)

670 ## - Źródło informacji

  • źródło informacji: Annuarium in annum domini 1929 / Apostolatus Orationis. - Roma, 1929.

670 ## - Źródło informacji

  • źródło informacji: Le mystère de l'amour divin / Marcel Denis. - Toulouse, 1959.
  • gdzie znaleziono informację: (Apostolat de la Prière)

670 ## - Źródło informacji

  • źródło informacji: Kp. Eclaircissements sur notre croisade eucharistique / Apostolat de la Prière. - Roma, 1935.
  • gdzie znaleziono informację: (Str. tyt. Wyd.)

670 ## - Źródło informacji

  • źródło informacji: Kp. L'alliance du Cœur de Jésus / par Alfred Deschamps. - Limoges, Paris.
  • gdzie znaleziono informację: (Str. ty. Współaut.)

670 ## - Źródło informacji

  • źródło informacji: Kp. Przewodnik krajowy Apostolstwa Najsłodszego Serca Jezusowego. - Kraków, 1889.

670 ## - Źródło informacji

  • źródło informacji: Kp. Mese del Sacro Cuore / Aurelio Dionisi. - Roma, 1962.
  • gdzie znaleziono informację: Wydawca

670 ## - Źródło informacji

  • źródło informacji: Kp. Przepisy dla zelatorek Apostolstwa Serca Jezusa. - Kraków, 1890.

670 ## - Źródło informacji

  • źródło informacji: 8-dniowe / pod redakcją o. Roberta Więcka SJ. - Kraków, cop. 2024.
  • gdzie znaleziono informację: Instytucja sprawcza
Biblioteka Instytutu Północnego, ul. Partyzantów 87, 10-402 Olsztyn, email: biblioteka(at)ip.olsztyn.pl